| 000 | 00706nam a2200241Ia 4500 | ||
|---|---|---|---|
| 003 | OSt | ||
| 005 | 20220926004650.0 | ||
| 006 | a|||||r|||| 00| 0 | ||
| 007 | ta | ||
| 008 | 220923b |||||||| |||| 00| 0 eng d | ||
| 037 | _cGeneral Book | ||
| 040 |
_aRTL _cRTL _beng |
||
| 041 |
_2eng _aeng |
||
| 082 | _aY52.2.N7, L2 | ||
| 100 |
_aDass Jarmani _9309081 |
||
| 245 | 0 |
_aMaharani _b Love adventures of Indian Maharanis and Princesses |
|
| 260 |
_a New Delhi _bS Chand _c1972 |
||
| 300 |
_a259p _ccm. |
||
| 650 |
_aAristocracy _9238063 |
||
| 700 |
_a Dass Rakesh Bhan _9309082 |
||
| 942 |
_hY52.2.N7, L2 _cGB _2CC |
||
| 999 |
_c611915 _d611915 |
||